Ni se les ocurra disparar / (Record no. 181294)
[ view plain ]
| 000 -LEADER | |
|---|---|
| campo de control de longitud fija | 00577nam a2200193 i 4500 |
| 001 - NÚMERO DE CONTROL | |
| campo de control | 181294 |
| 003 - IDENTIFICADOR DE NÚMERO DE CONTROL | |
| campo de control | ES-MaACL |
| 005 - FECHA Y HORA DE LA ÚLTIMA TRANSACCIÓN | |
| campo de control | 20260507121456.0 |
| 008 - DATOS DE LONGITUD FIJA--INFORMACIÓN GENERAL | |
| campo de control de longitud fija | 121207s2011 sp | |||||||| | spa d |
| 020 ## - NÚMERO INTERNACIONAL ESTÁNDAR DEL LIBRO | |
| Número Internacional Estándar del Libro | 978-84-204-0849-1 |
| 080 ## - NÚMERO DE LA CLASIFICACIÓN DECIMAL UNIVERSAL | |
| Número de la Clasificación Decimal Universal | 821.134.2-92"19" |
| 100 ## - ENTRADA PRINCIPAL--NOMBRE DE PERSONA | |
| Nombre de persona | Marías, Javier, |
| Fechas asociadas al nombre | 1951-2022 |
| 9 (RLIN) | 239206 |
| 245 10 - MENCIÓN DEL TÍTULO | |
| Título | Ni se les ocurra disparar / |
| Mención de responsabilidad, etc. | Javier Marías. |
| 260 ## - PUBLICACIÓN, DISTRIBUCIÓN, ETC. | |
| Lugar de publicación, distribución, etc. | [Madrid] : |
| Nombre del editor, distribuidor, etc. | Alfaguara, |
| Fecha de publicación, distribución, etc. | D.L. 2011. |
| 300 ## - DESCRIPCIÓN FÍSICA | |
| Extensión | 348 p. ; |
| Dimensiones | 23 cm. |
| 852 ## - LOCALIZACIÓN | |
| Ubicación | ES-MaACL |
| Número de control de estantería | A-12342 |
| itemnumber | 188178 |
| Sublocalización o colección | R.148338 |
| Ubicación en estantería | Depósito 1 |
| Signatura antigua | Olim: N-5347 |
| 942 ## - ELEMENTOS DE ENTRADA SECUNDARIOS (KOHA) | |
| Fuente del sistema de clasificación o colocación | Clasificación decimal universal |
| Tipo de ítem Koha | Libro impreso |
| Estatus retirado | Estado de pérdida | Fuente del sistema de clasificación o colocación | Estado de daño | No para préstamo | Biblioteca de origen | Biblioteca actual | Ubicación en estantería | Fecha de adquisición | Fuente de adquisición | Total de préstamos | Signatura topográfica completa | Código de barras | Visto por última vez | Precio de reemplazo | Tipo de ítem Koha |
|---|---|---|---|---|---|---|---|---|---|---|---|---|---|---|---|
| Clasificación decimal universal | Biblioteca del Ateneo de Madrid | Biblioteca del Ateneo de Madrid | Depósito 1 | 07/12/2012 | Compra | A-12342 | 1190517 | 23/02/2023 | 23/02/2023 | Libro impreso |
